Una luz en todo tiempo (Record no. 6688)

MARC details
000 - LÍDER
campo de control de longitud fija 00812nam a2200193Ia 4500
008 - ELEMENTOS DE DATOS DE LONGITUD FIJA - INFORMACIÓN GENERAL
campo de control de longitud fija 0000001983 usa 0000000000eng00
090 ## - NÚMERO DE LLAMADA DE TIPO LC LOCALMENTE ASIGNADO (OCLC)
Número de clasificación (OCLC) (R) PUS00 F67l
100 1# - ENTRADA PRINCIPAL - NOMBRE PERSONAL
Nombre de la persona Foshay, Ella M.
245 13 - TÍTULO DECLARACIÓN
Título Una luz en todo tiempo
Resto del título : paisajes estadounidenses del siglo xIx
Declaración de responsabilidad / Ella M. Foshay, Sally Mills
260 ## - PUBLICACIÓN, DISTRIBUCIÓN
Lugar de publicación Nueva York : Galería de Arte de la Escuela Superior Vassar
Fecha de publicación 1983
300 ## - DESCRIPCIÓN FÍSICA
Alcance 80 p.
Dimensiones / 24 cm.
500 ## - NOTA GENERAL
Nota general Exposición realizada en la Galería de Arte de la Escuela Superior Vassar, Poughkeepsie, 1983 \ Con el patronazgo del maestro venezolano Jesús Rafael Soto (q.e.p.d.)
650 14 - ENTRADA DE SUJETO AÑADIDO - TÉRMINO TÓPICO
Subdivisión general CATALOGOS
650 14 - ENTRADA DE SUJETO AÑADIDO - TÉRMINO TÓPICO
Subdivisión general EXPOSICIONES
650 14 - ENTRADA DE SUJETO AÑADIDO - TÉRMINO TÓPICO
Término tópico o elemento de entrada del nombre geográfico PINTORES ESTADOUNIDENSES
650 14 - ENTRADA DE SUJETO AÑADIDO - TÉRMINO TÓPICO
Término tópico o elemento de entrada del nombre geográfico PINTURA DE PAISAJES ESTADOUNIDENSE
650 14 - ENTRADA DE SUJETO AÑADIDO - TÉRMINO TÓPICO
Término tópico o elemento de entrada del nombre geográfico PINTURA ESTADOUNIDENSE
700 1# - ENTRADA AGREGADA - NOMBRE PERSONAL
Nombre de la persona Mills, Sally
Holdings
Estado de retirada Pérdida de estatus Estado dañado No para préstamo Código de recogida Ubicación permanente Ubicación actual Ubicación de las estanterías Fecha de adquisición Número de llamada completo Código de barras Fecha de la última vez que se vio Número de copia Precio efectivo desde Tipo de artículo Koha
        General ArtNexus ArtNexus General 06/09/2022 P-US-00 F67L 6692 06/09/2022 Ej.1 06/09/2022 Libro

Powered by Koha